¿Fascismo o Estado católico? (Record no. 187063)

MARC details
000 -LEADER
campo de control de longitud fija 01013nam a2200289 i 4500
001 - NÚMERO DE CONTROL
campo de control 187063
003 - IDENTIFICADOR DE NÚMERO DE CONTROL
campo de control SpMaBN
005 - FECHA Y HORA DE LA ÚLTIMA TRANSACCIÓN
campo de control 20250802063123.0
008 - DATOS DE LONGITUD FIJA--INFORMACIÓN GENERAL
campo de control de longitud fija 170407s1997 sp |||| | spa d
020 ## - NÚMERO INTERNACIONAL ESTÁNDAR DEL LIBRO
Número Internacional Estándar del Libro 84-7490-417-X
080 ## - NÚMERO DE LA CLASIFICACIÓN DECIMAL UNIVERSAL
Número de la Clasificación Decimal Universal 070(460)"1939/45":32
080 ## - NÚMERO DE LA CLASIFICACIÓN DECIMAL UNIVERSAL
Número de la Clasificación Decimal Universal 282(460)"1939/45":070
080 ## - NÚMERO DE LA CLASIFICACIÓN DECIMAL UNIVERSAL
Número de la Clasificación Decimal Universal 351.751.5(460)"1939/45"
100 1# - ENTRADA PRINCIPAL--NOMBRE DE PERSONA
Nombre de persona Andrés-Gallego, José,
Fechas asociadas al nombre 1944-
9 (RLIN) 21605
245 11 - MENCIÓN DEL TÍTULO
Título ¿Fascismo o Estado católico?
Resto del título : ideología, religión y censura en la España de Franco, 1937-1941 /
Mención de responsabilidad, etc. José Andrés-Gallego.
260 ## - PUBLICACIÓN, DISTRIBUCIÓN, ETC.
Lugar de publicación, distribución, etc. Madrid :
Nombre del editor, distribuidor, etc. Encuentro,
Fecha de publicación, distribución, etc. [1997]
300 ## - DESCRIPCIÓN FÍSICA
Extensión 283 p. ;
Dimensiones 23 cm.
490 1# - MENCIÓN DE SERIE
Mención de serie Ensayos ;
Designación de volumen o secuencia 106
500 ## - NOTA GENERAL
Nota general Índice onomástico.
504 ## - NOTA DE BIBLIOGRAFÍA, ETC.
Nota de bibliografía, etc. Referencias bibliográficas.
650 #7 - PUNTO DE ACCESO ADICIONAL DE MATERIA--TÉRMINO DE MATERIA
Término de materia o nombre geográfico como elemento de entrada Prensa y política-
Subdivisión geográfica España-
Subdivisión cronológica 1939-1975.
9 (RLIN) 162320
650 #7 - PUNTO DE ACCESO ADICIONAL DE MATERIA--TÉRMINO DE MATERIA
Término de materia o nombre geográfico como elemento de entrada Iglesia y prensa-
Subdivisión general Iglesia Católica.
9 (RLIN) 166805
650 07 - PUNTO DE ACCESO ADICIONAL DE MATERIA--TÉRMINO DE MATERIA
Término de materia o nombre geográfico como elemento de entrada Censura-
Subdivisión geográfica España-
Subdivisión cronológica 1939-1975.
9 (RLIN) 10879
830 0# - PUNTO DE ACCESO ADICIONAL DE SERIE-TÍTULO UNIFORME
Título uniforme Ensayos ;
Designación de volumen o secuencia 106
9 (RLIN) 176633
852 ## - LOCALIZACIÓN
Ubicación ES-MaACL
Número de control de estantería L-31383
Holdings
Estatus retirado Estado de pérdida Estado de daño No para préstamo Biblioteca de origen Biblioteca actual Ubicación en estantería Fecha de adquisición Fuente de adquisición Total de préstamos Signatura topográfica completa Código de barras Visto por última vez Precio de reemplazo Tipo de ítem Koha
        Biblioteca del Ateneo de Madrid Biblioteca del Ateneo de Madrid Depósito 2 07/04/2017     L-31383 1197350 23/02/2023 23/02/2023 Libro impreso